| 000 | 00647nam a2200193 a 4500 | ||
|---|---|---|---|
| 003 | 0 | ||
| 005 | 20250410091936.0 | ||
| 008 | 071121s19uu xx 00 eng d | ||
| 050 |
_aPHS HQ 755.8 _b.E57 2007 |
||
| 100 | _aEnriquez, Rae L. | ||
| 245 |
_aGender and positive motivation given by parents / _cRae L. Enriquez. |
||
| 260 |
_aLas PiƱas City, Philippines : _bSouthville International School and Colleges, _c2007. |
||
| 300 |
_a24 pages ; _c28 cm. |
||
| 504 | _aIncludes bibliographical references. | ||
| 650 | _aParental influence. | ||
| 650 | _aMotivation in children. | ||
| 650 |
_aChild rearing _xSex differences. |
||
| 942 |
_2lcc _cPASS |
||
| 999 |
_c97818 _d97818 |
||